Central Library OPAC University of Rajshahi

World encyclopaedia of behavioural sciences / (Record no. 28149)

MARC details
000 -LEADER
fixed length control field 01115nam a22002297a 4500
001 - CONTROL NUMBER
control field 28149
003 - CONTROL NUMBER IDENTIFIER
rucl marc code BD-RjUL
005 - DATE AND TIME OF LATEST TRANSACTION
control field 20211209051238.0
008 - FIXED-LENGTH DATA ELEMENTS--GENERAL INFORMATION
fixed length control field 140329s2011 ii a 000 0 eng d
020 ## - INTERNATIONAL STANDARD BOOK NUMBER
International Standard Book Number 9788171394265
035 ## - SYSTEM CONTROL NUMBER
System control number (BD-RjUL)28230
040 ## - CATALOGING SOURCE
Original cataloging agency BD-RjUL
Language of cataloging eng
Transcribing agency BD-RjUL
041 ## - LANGUAGE CODE
Language code of text/sound track or separate title eng
082 ## - DEWEY DECIMAL CLASSIFICATION NUMBER
Edition number 22
Classification number R 155.03
Author mark and year WOR V-3 2011
245 1# - TITLE STATEMENT
Title World encyclopaedia of behavioural sciences /
Statement of responsibility, etc. Uttam Kumar Singh; [...et al].
Number of part/section of a work Volume 3
Name of part/section of a work Personality, perception and organisational change.
260 ## - PUBLICATION, DISTRIBUTION, ETC. (IMPRINT)
Place of publication, distribution, etc. New Delhi :
Name of publisher, distributor, etc. Jnanada Prakashan in association with the Global Open University, Nagaland,
Date of publication, distribution, etc. c2011
300 ## - PHYSICAL DESCRIPTION
Pagination xx, 769-1091 p. :
Illustrations ill. ;
Size 25 cm.
505 ## - FORMATTED CONTENTS NOTE
Formatted contents note v. 1. Introduction to behavioural sciences -- v. 2. Human and group behaviour -- v. 3. Personality, perception and organisational change -- v. 4. Organisational and learning theories -- v. 5. Leadership, values and transactional analysis -- v. 6. Organisational studies -- v. 7. Conflict and stress management.
650 #0 - SUBJECT ADDED ENTRY--TOPICAL TERM
Topical term or geographic name as entry element Human behavior
9 (RLIN) 86152
Form subdivision Encyclopeadias
700 1# - ADDED ENTRY--PERSONAL NAME
Personal name Singh, Uttam Kumar [...et al].
942 ## - ADDED ENTRY ELEMENTS (KOHA)
Source of classification or shelving scheme Dewey Decimal Classification
Koha item type Reference
Holdings
Lost status Source of classification or shelving scheme Damaged status Not for loan Collection code Permanent Location Current Location Shelving location Date acquired Source of acquisition Cost, normal purchase price Total Checkouts Full call number Date last seen Copy number Koha item type
  Dewey Decimal Classification   Added to bundle Reference Central Library, University of Rajshahi Central Library, University of Rajshahi   27/03/2014 Dhaka, Trim Education. 3371.43   R 155.03 WOR V-3 2011 29/03/2014 C-1 Reference